[Event "GBR-ch 99th"]
[Site "North Shields"]
[Date "2012.07.30"]
[Round "7"]
[White "Foo, William"]
[Black "Hanley, James L"]
[Result "1-0"]
[WhiteElo "2009"]
[BlackElo "2244"]
[PlyCount "73"]
[EventDate "2012.07.23"]
[EventType "swiss"]
[EventRounds "11"]
[EventCountry "ENG"]
[Source "John Saunders"]
[SourceDate "2015.07.24"]

1. d4 Nf6 2. g3 g6 3. Bg2 Bg7 4. e4 d6 5. Ne2 h5 6. h3 c5 7. dxc5 Qa5+ 8. Nbc3
Qxc5 9. Be3 Qa5 10. Qd2 Nbd7 11. Bd4 Nb6 12. b3 e5 13. Bxb6 Qxb6 14. Rd1 Bf8
15. Na4 Qc7 16. c4 Bd7 17. Nac3 a6 18. f4 Qb6 19. Rf1 O-O-O 20. b4 exf4 21.
Nxf4 Bc6 22. b5 Bxe4 23. Bxe4 Nxe4 24. Nfd5 Qc5 25. Nxe4 Re8 26. Qe2 Qa3 27.
Rxf7 Bh6 28. bxa6 Qxa6 29. Rb1 Qa3 30. Rfxb7 Qa5+ 31. Kd1 Rxe4 32. Rb8+ Kd7 33.
Nf6+ Ke7 34. Qxe4+ Kxf6 35. Qd4+ Kf7 36. R1b7+ Ke6 37. Qd5+ 1-0

[Event "GBR-ch 99th"]
[Site "North Shields"]
[Date "2012.07.30"]
[Round "7"]
[White "Gormally, Daniel"]
[Black "Storey, Charles"]
[Result "1-0"]
[WhiteElo "2505"]
[BlackElo "2247"]
[PlyCount "75"]
[EventDate "2012.07.23"]
[EventType "swiss"]
[EventRounds "11"]
[EventCountry "ENG"]
[Source "John Saunders"]
[SourceDate "2015.07.24"]

1. e4 c5 2. Nf3 e6 3. c3 Nf6 4. e5 Nd5 5. d4 cxd4 6. cxd4 d6 7. Bc4 Nc6 8. O-O
Nb6 9. Bb3 d5 10. Nc3 Be7 11. Ne2 Bd7 12. Nf4 h5 13. Nd3 g5 14. Be3 g4 15. Nd2
f6 16. exf6 Bxf6 17. Ne5 Nxe5 18. dxe5 Bxe5 19. Qe2 Qf6 20. Bxb6 axb6 21. Rae1
Bf4 22. Bxd5 O-O 23. Bb3 Qxb2 24. Bxe6+ Kg7 25. Bxd7 Qxd2 26. Qb5 Bg5 27. Rd1
Qf4 28. g3 Qf6 29. h4 gxh3 30. f4 Bh6 31. Qxh5 Rxa2 32. Bxh3 Rd8 33. Rxd8 Qxd8
34. Rd1 Rd2 35. Qe5+ Kf7 36. Be6+ Kf8 37. Qf5+ Kg7 38. Rxd2 1-0

[Event "GBR-ch 99th"]
[Site "North Shields"]
[Date "2012.07.30"]
[Round "7"]
[White "Grattage, Matthew"]
[Black "Shaw, Peter"]
[Result "1-0"]
[WhiteElo "1986"]
[BlackElo "2168"]
[PlyCount "63"]
[EventDate "2012.07.23"]
[EventType "swiss"]
[EventRounds "11"]
[EventCountry "ENG"]
[Source "John Saunders"]
[SourceDate "2015.07.24"]

1. c4 d6 2. Nc3 e5 3. Nf3 f5 4. e4 fxe4 5. Nxe4 Nf6 6. Nxf6+ Qxf6 7. d4 exd4 8.
Nxd4 Bd7 9. Bd3 Nc6 10. Nb5 O-O-O 11. Be3 a6 12. Nc3 Re8 13. Nd5 Qf7 14. b4 g6
15. a4 Bh6 16. O-O Bxe3 17. fxe3 Qg7 18. b5 Nb8 19. c5 c6 20. cxd6 cxd5 21.
Qc2+ Bc6 22. bxc6 bxc6 23. Bxa6+ Kd7 24. Qc5 Ke6 25. Be2 h5 26. e4 Rhf8 27.
exd5+ cxd5 28. Bg4+ hxg4 29. Rae1+ Qe5 30. Rxe5+ Kxe5 31. Qe3+ Kxd6 32. Qa3+
1-0

[Event "GBR-ch 99th"]
[Site "North Shields"]
[Date "2012.07.30"]
[Round "7"]
[White "Hall, David E"]
[Black "Ledger, Stephen"]
[Result "0-1"]
[WhiteElo "2103"]
[BlackElo "2089"]
[PlyCount "80"]
[EventDate "2012.07.23"]
[EventType "swiss"]
[EventRounds "11"]
[EventCountry "ENG"]
[Source "John Saunders"]
[SourceDate "2015.07.24"]

1. d4 Nf6 2. Bf4 d5 3. Nd2 c5 4. dxc5 Nc6 5. Ngf3 Qa5 6. e3 Qxc5 7. h3 e6 8. a3
Be7 9. Rc1 Qb6 10. b4 a5 11. b5 Nb8 12. a4 O-O 13. Be2 Nbd7 14. O-O Ba3 15. Rb1
Re8 16. Ne5 Nxe5 17. Bxe5 Rd8 18. Rb3 Bd6 19. Bd4 Qc7 20. Rc3 Qe7 21. Bb6 Re8
22. Nb3 Nd7 23. Bc7 Bb4 24. Rd3 Nc5 25. Nxc5 Qxc7 26. Nb3 b6 27. Rd4 Bb7 28. c4
Rad8 29. cxd5 Bxd5 30. Qc1 Rc8 31. Qb1 Qc2 32. Qxc2 Rxc2 33. Nc1 Rec8 34. Rdd1
Ba3 35. e4 Ba8 36. Rd3 Bxc1 37. Rfd1 Bg5 38. f4 Be7 39. Bf3 g6 40. Rd7 R2c7 0-1

[Event "GBR-ch 99th"]
[Site "North Shields"]
[Date "2012.07.30"]
[Round "7"]
[White "Harvey, Marcus Ross"]
[Black "Hanley, Craig"]
[Result "0-1"]
[WhiteElo "2134"]
[BlackElo "2417"]
[PlyCount "140"]
[EventDate "2012.07.23"]
[EventType "swiss"]
[EventRounds "11"]
[EventCountry "ENG"]
[Source "John Saunders"]
[SourceDate "2015.07.24"]

1. g3 e5 2. Bg2 Nf6 3. c4 h6 4. Nc3 Bb4 5. Nf3 e4 6. Nd4 Bxc3 7. bxc3 O-O 8.
O-O c5 9. Nb3 d6 10. d4 b6 11. a4 Ba6 12. Nd2 Re8 13. Qc2 Qe7 14. e3 Nc6 15.
Ba3 Na5 16. Qa2 Qe6 17. d5 Qd7 18. Bc1 Re5 19. Re1 h5 20. h3 Rae8 21. Rb1 h4
22. g4 Nxg4 23. hxg4 Qxg4 24. Nxe4 Rxe4 25. f3 Qg3 26. Qf2 Qg6 27. fxe4 h3 28.
e5 dxe5 29. e4 Bxc4 30. Re3 Qxg2+ 31. Qxg2 hxg2 32. Rg3 f6 33. Rb2 Bf1 34. Bh6
Re7 35. Rf2 Kh7 36. Bxg7 Rxg7 37. Rh3+ Kg6 38. Rhf3 Kf7 39. Rxf6+ Ke7 40. Re6+
Kd7 41. Rf8 Rh7 42. Kf2 Rg7 43. Kg1 Rh7 44. Kf2 Kc7 45. d6+ Kd7 46. Rg6 Nc6 47.
Ke3 Nd8 48. Rf5 Nf7 49. Rff6 Bc4 50. Kf2 Rh4 51. Kf3 Rh6 52. Kxg2 Rxg6+ 53.
Rxg6 a6 54. Kf3 Nxd6 55. Rg5 Nf7 56. Rg6 Be6 57. Rg7 a5 58. Ke3 Bb3 59. Kd3 Kc6
60. Rg6+ Nd6 61. Rh6 Bxa4 62. Re6 Bb3 63. Rxe5 a4 64. Rh5 a3 65. c4 Bxc4+ 66.
Kc3 b5 67. e5 Ne4+ 68. Kc2 b4 69. Rh1 b3+ 70. Kc1 b2+ 0-1

[Event "GBR-ch 99th"]
[Site "North Shields"]
[Date "2012.07.30"]
[Round "7"]
[White "Houska, Jovanka"]
[Black "Jackson, James P"]
[Result "1/2-1/2"]
[WhiteElo "2406"]
[BlackElo "2126"]
[PlyCount "87"]
[EventDate "2012.07.23"]
[EventType "swiss"]
[EventRounds "11"]
[EventCountry "ENG"]
[Source "John Saunders"]
[SourceDate "2015.07.24"]

1. d4 d5 2. c4 e6 3. Nf3 c5 4. cxd5 exd5 5. g3 Nc6 6. Bg2 Nf6 7. O-O Be7 8.
dxc5 Bxc5 9. a3 Ne4 10. b4 Be7 11. Bb2 Bf6 12. Nd4 Qb6 13. e3 O-O 14. Nxc6 Qxc6
15. Bxf6 Qxf6 16. Nd2 Bf5 17. Nb3 Nc3 18. Qd2 Rac8 19. Nd4 Be4 20. f3 Bg6 21.
Rac1 Na4 22. Rxc8 Rxc8 23. Rc1 Qd8 24. Bh3 Rxc1+ 25. Qxc1 Nb6 26. Qc5 Bd3 27.
Kf2 g6 28. a4 Qf8 29. Qc3 Bc4 30. Ne6 d4 31. Nxd4 Qh6 32. Bg2 Qxh2 33. a5 Nd5
34. Qc1 b5 35. axb6 Nxb6 36. Qa1 h5 37. Qxa7 h4 38. Qb8+ Kh7 39. Qf4 Qxg3+ 40.
Qxg3 hxg3+ 41. Kxg3 Nd5 42. b5 Nxe3 43. b6 Bd5 44. Nb5 1/2-1/2

[Event "GBR-ch 99th"]
[Site "North Shields"]
[Date "2012.07.30"]
[Round "7"]
[White "Jaunooby, Ali Reza"]
[Black "Tambini, Jasper"]
[Result "1-0"]
[WhiteElo "2165"]
[BlackElo "1958"]
[PlyCount "135"]
[EventDate "2012.07.23"]
[EventType "swiss"]
[EventRounds "11"]
[EventCountry "ENG"]
[Source "John Saunders"]
[SourceDate "2015.07.24"]

1. d4 d5 2. Nf3 Nf6 3. Bg5 Nbd7 4. e3 h6 5. Bh4 e6 6. Nbd2 Be7 7. Bd3 O-O 8.
Qe2 b6 9. e4 dxe4 10. Nxe4 Bb7 11. Ned2 c5 12. c3 Rb8 13. O-O Nd5 14. Bg3 Rc8
15. a3 cxd4 16. cxd4 N7f6 17. Ne5 Bd6 18. Rad1 Qc7 19. Ndc4 Bxe5 20. dxe5 Ne8
21. Nd2 Qc6 22. Ne4 f5 23. exf6 Nexf6 24. Rfe1 Rfe8 25. Bb5 Qc2 26. Nd6 Qxe2
27. Rxe2 Bc6 28. Nxe8 Nxe8 29. Rc2 Ne7 30. Ba6 Ra8 31. Rxc6 Nxc6 32. Bb7 Rd8
33. Rxd8 Nxd8 34. Ba6 Kf7 35. b4 Ke7 36. h4 Nd6 37. Be5 Nc6 38. Bxg7 b5 39.
Bxh6 Nb8 40. Bg5+ Kd7 41. h5 Nxa6 42. h6 Nf7 43. h7 Nb8 44. Bf6 Nc6 45. g4 Ne7
46. h8=Q Nxh8 47. Bxh8 Ng6 48. Bd4 a6 49. Kg2 e5 50. Be3 Ke6 51. Kg3 Kd5 52. g5
Ke4 53. Kg4 Nh8 54. Bc5 Ng6 55. f3+ Kd5 56. Kf5 Nf4 57. g6 Ne6 58. Bf8 Nd4+ 59.
Kf6 Ne6 60. Bh6 Kd6 61. Bc1 Kd5 62. Bb2 Nf4 63. Bxe5 Nxg6 64. Kxg6 Kxe5 65. Kg5
Ke6 66. f4 Kf7 67. Kf5 Ke7 68. Kg6 1-0

[Event "GBR-ch 99th"]
[Site "North Shields"]
[Date "2012.07.30"]
[Round "7"]
[White "Kolbus, Dietmar"]
[Black "Osborne, Marcus E"]
[Result "1/2-1/2"]
[WhiteElo "2321"]
[BlackElo "2245"]
[PlyCount "53"]
[EventDate "2012.07.23"]
[EventType "swiss"]
[EventRounds "11"]
[EventCountry "ENG"]
[Source "John Saunders"]
[SourceDate "2015.07.24"]

1. Nf3 Nf6 2. c4 b6 3. Nc3 Bb7 4. d3 g6 5. e4 d6 6. g3 Bg7 7. Bg2 O-O 8. O-O c5
9. Rb1 Nc6 10. a3 Ne8 11. Bd2 Nc7 12. b4 Qd7 13. Nd5 Nxd5 14. exd5 Nd4 15. Nxd4
Bxd4 16. Be3 Bxe3 17. fxe3 Rab8 18. Qd2 e5 19. bxc5 bxc5 20. Qa5 Ba8 21. a4
Rxb1 22. Rxb1 Qf5 23. Rb3 Qg4 24. Qe1 Qd7 25. Qa5 Qg4 26. Qe1 Qd7 27. Qa5
1/2-1/2

[Event "GBR-ch 99th"]
[Site "North Shields"]
[Date "2012.07.30"]
[Round "7"]
[White "Ledger, David"]
[Black "Eggleston, David"]
[Result "1-0"]
[WhiteElo "2246"]
[BlackElo "2323"]
[PlyCount "85"]
[EventDate "2012.07.23"]
[EventType "swiss"]
[EventRounds "11"]
[EventCountry "ENG"]
[Source "John Saunders"]
[SourceDate "2015.07.24"]

1. e4 c5 2. Nf3 d6 3. d4 cxd4 4. Nxd4 Nf6 5. Nc3 a6 6. Be3 e5 7. Nb3 Be6 8. f3
Nbd7 9. Qd2 b5 10. O-O-O Rc8 11. g4 Nb6 12. Qf2 Nfd7 13. Nd5 Bxd5 14. exd5 Nc4
15. Kb1 Be7 16. Bd3 Bh4 17. Qe2 Nxe3 18. Qxe3 Qb6 19. Qe2 Bg5 20. h4 Bf4 21.
Bf5 g6 22. Bxd7+ Kxd7 23. h5 Kc7 24. a3 a5 25. Qe1 b4 26. a4 Kb7 27. Qe2 Qa6
28. Qg2 Rc7 29. hxg6 fxg6 30. Nd2 Rhc8 31. Ne4 Rxc2 32. Qxc2 Rxc2 33. Kxc2 Qe2+
34. Kb1 Qxf3 35. Nxd6+ Kc7 36. Nb5+ Kd8 37. d6 b3 38. Ka1 Qxg4 39. Nc3 Qd7 40.
Rd5 e4 41. Rxa5 Ke8 42. Ra8+ Kf7 43. Rxh7+ 1-0

[Event "GBR-ch 99th"]
[Site "North Shields"]
[Date "2012.07.30"]
[Round "7"]
[White "Lenier, Jude"]
[Black "McDonald, Ian"]
[Result "1-0"]
[WhiteElo "2016"]
[BlackElo "1876"]
[PlyCount "67"]
[EventDate "2012.07.23"]
[EventType "swiss"]
[EventRounds "11"]
[EventCountry "ENG"]
[Source "John Saunders"]
[SourceDate "2015.07.24"]

1. e4 e5 2. Nf3 Nc6 3. Bc4 d6 4. O-O Be7 5. h3 Nf6 6. Re1 Be6 7. d3 Qd7 8. c3
h6 9. Nbd2 g5 10. Bxe6 fxe6 11. d4 exd4 12. Nxd4 O-O-O 13. b4 Nxd4 14. cxd4 g4
15. hxg4 Rhg8 16. f3 h5 17. gxh5 Nxh5 18. Nf1 Bh4 19. Re2 e5 20. Rc2 Qh7 21.
Be3 d5 22. Rac1 Rd7 23. exd5 e4 24. d6 c6 25. b5 exf3 26. Qxf3 Rf7 27. Qh3+ Kb8
28. bxc6 Rxf1+ 29. Rxf1 Qxc2 30. c7+ Ka8 31. Rc1 Bf2+ 32. Kh2 Bg3+ 33. Kh1 Rf8
34. c8=Q+ 1-0

[Event "GBR-ch 99th"]
[Site "North Shields"]
[Date "2012.07.30"]
[Round "7"]
[White "Murphy, Hugh"]
[Black "Maroroa, Sue Yuchan"]
[Result "0-1"]
[WhiteElo "2180"]
[BlackElo "2035"]
[PlyCount "110"]
[EventDate "2012.07.23"]
[EventType "swiss"]
[EventRounds "11"]
[EventCountry "ENG"]
[Source "John Saunders"]
[SourceDate "2015.07.24"]

1. e4 c5 2. c3 d5 3. exd5 Qxd5 4. d4 Nc6 5. Nf3 Bf5 6. Be3 cxd4 7. cxd4 Bxb1 8.
Rxb1 e6 9. a3 Bd6 10. Bd3 Nf6 11. Bg5 Ne4 12. Bh4 g5 13. Bg3 Nxg3 14. hxg3 g4
15. Nd2 Qxd4 16. Qe2 O-O-O 17. Be4 Ne5 18. Rc1+ Kb8 19. Qb5 Rd7 20. Rd1 Bc5 21.
O-O a6 22. Qe2 f5 23. Nb3 Qxe4 24. Qxe4 Bxf2+ 25. Kxf2 fxe4 26. Rxd7 Nxd7 27.
Ke3 Rc8 28. Rf7 Ne5 29. Rxh7 Nc4+ 30. Kxe4 Nxb2 31. Nd4 Nc4 32. a4 Nb2 33. a5
Rc5 34. Nxe6 Rxa5 35. Kd4 Rb5 36. Nc5 a5 37. Rh1 Rb4+ 38. Kd5 Na4 39. Nd3 Nc3+
40. Kc5 Na4+ 41. Kd5 Nb6+ 42. Kc5 Rb3 43. Rh6 Ka7 44. Kd4 Rb1 45. Rh5 a4 46.
Ra5+ Kb8 47. Nc5 Rb2 48. Ke4 Rc2 49. Kf5 a3 50. Kxg4 a2 51. Nb3 Rc4+ 52. Kf5
Na4 53. Rd5 Rb4 54. Rd2 Nc3 55. Na1 Rb1 0-1

[Event "GBR-ch 99th"]
[Site "North Shields"]
[Date "2012.07.30"]
[Round "7"]
[White "Poobalasingam, Peter"]
[Black "Bhatia, Kanwal K"]
[Result "1-0"]
[WhiteElo "2263"]
[BlackElo "2103"]
[PlyCount "93"]
[EventDate "2012.07.23"]
[EventType "swiss"]
[EventRounds "11"]
[EventCountry "ENG"]
[Source "John Saunders"]
[SourceDate "2015.07.24"]

1. d4 Nf6 2. Nf3 c5 3. d5 e6 4. Nc3 exd5 5. Nxd5 Nxd5 6. Qxd5 Be7 7. Bg5 O-O 8.
O-O-O Nc6 9. Bxe7 Qxe7 10. e3 Nb4 11. Qd6 Qxd6 12. Rxd6 Nxa2+ 13. Kb1 Nb4 14.
Ne5 a6 15. Be2 b5 16. Rhd1 Nc6 17. Nxd7 Bxd7 18. Rxd7 c4 19. f4 Rae8 20. Bf3
Nb8 21. Rb7 Rxe3 22. Rd6 Re1+ 23. Ka2 g6 24. h4 Kg7 25. h5 Rfe8 26. f5 gxf5 27.
h6+ Kf8 28. Rdb6 R1e6 29. Rxb8 Rxb8 30. Rxb8+ Ke7 31. Rb7+ Kf6 32. Bd5 Rd6 33.
Bf3 Kg6 34. c3 f6 35. Rc7 a5 36. Rb7 b4 37. cxb4 axb4 38. Rxb4 Rd4 39. Kb1 Kxh6
40. b3 Kg5 41. Rxc4 Rd6 42. Bc6 Rd8 43. b4 Rb8 44. b5 h5 45. Kc2 f4 46. Kb3 Kg4
47. Rc3 1-0

[Event "GBR-ch 99th"]
[Site "North Shields"]
[Date "2012.07.30"]
[Round "7"]
[White "Shaw, Robert"]
[Black "Jain, Radha"]
[Result "1/2-1/2"]
[WhiteElo "2220"]
[BlackElo "1868"]
[PlyCount "55"]
[EventDate "2012.07.23"]
[EventType "swiss"]
[EventRounds "11"]
[EventCountry "ENG"]
[Source "John Saunders"]
[SourceDate "2015.07.24"]

1. e4 c5 2. Nf3 e6 3. Nc3 a6 4. d4 cxd4 5. Nxd4 Qc7 6. Bd3 Nf6 7. f4 b5 8. e5
b4 9. Ne4 Nxe4 10. Bxe4 Bb7 11. Qf3 Bxe4 12. Qxe4 Nc6 13. Be3 Rc8 14. Nb3 d5
15. Qd3 a5 16. O-O Be7 17. Rac1 a4 18. Nd4 Nxd4 19. Bxd4 O-O 20. c3 Qc4 21.
Qxc4 Rxc4 22. b3 axb3 23. axb3 Rc6 24. cxb4 Rxc1 25. Rxc1 Bxb4 26. Rc7 g6 27.
g3 Rb8 28. Ba7 1/2-1/2

[Event "GBR-ch 99th"]
[Site "North Shields"]
[Date "2012.07.30"]
[Round "7"]
[White "Townsend, M Paul"]
[Black "Foster, James M"]
[Result "1/2-1/2"]
[WhiteElo "2252"]
[BlackElo "2037"]
[PlyCount "134"]
[EventDate "2012.07.23"]
[EventType "swiss"]
[EventRounds "11"]
[EventCountry "ENG"]
[Source "John Saunders"]
[SourceDate "2015.07.24"]

1. d4 d5 2. c4 c6 3. Nf3 e6 4. e3 Nf6 5. b3 Bd6 6. Bb2 O-O 7. Bd3 Nbd7 8. Ne5
Nxe5 9. dxe5 Bb4+ 10. Ke2 Nd7 11. Qc2 Qh4 12. a3 dxc4 13. Qxc4 Qxc4 14. Bxc4
Ba5 15. Rd1 a6 16. Nd2 b5 17. Bd3 Bb7 18. b4 Bc7 19. f4 c5 20. Be4 Ra7 21. Bxb7
Rxb7 22. Ne4 Bb6 23. Rd6 c4 24. Bd4 Bxd4 25. exd4 Ra8 26. Nc5 Nxc5 27. dxc5 Kf8
28. a4 Ke8 29. Kd2 a5 30. c6 Rb6 31. bxa5 Rxa5 32. c7 Rxd6+ 33. exd6 Kd7 34.
Rb1 Ra6 35. Rxb5 Rxd6+ 36. Kc3 Kxc7 37. Rb2 Rc6 38. Rb4 Kd6 39. Rxc4 Ra6 40.
Kb3 f6 41. Rc2 e5 42. fxe5+ fxe5 43. Ra2 Kc5 44. Kc3 Ra5 45. Kd3 Kd5 46. Ke3 g6
47. Ra1 Kc4 48. Rc1+ Kd5 49. Ra1 Kc4 50. Ke4 Kc3 51. Ra3+ Kd2 52. g4 Kc2 53. h3
Kd2 54. Rd3+ Ke2 55. Rd7 h5 56. g5 Rxa4+ 57. Kxe5 Rh4 58. Kf6 Rxh3 59. Kxg6 h4
60. Kf5 Rg3 61. Kf4 Kf2 62. Rd2+ Kg1 63. Rc2 Ra3 64. Kg4 h3 65. g6 h2 66. g7
Ra8 67. Kg3 Ra3+ 1/2-1/2

[Event "GBR-ch 99th"]
[Site "North Shields"]
[Date "2012.07.30"]
[Round "7"]
[White "Turner, Matthew"]
[Black "Walker, David"]
[Result "1-0"]
[WhiteElo "2508"]
[BlackElo "2276"]
[PlyCount "105"]
[EventDate "2012.07.23"]
[EventType "swiss"]
[EventRounds "11"]
[EventCountry "ENG"]
[Source "John Saunders"]
[SourceDate "2015.07.24"]

1. d4 d6 2. Nf3 g6 3. g3 Nf6 4. Bg2 Bg7 5. O-O O-O 6. c4 c5 7. dxc5 dxc5 8. Ne5
Nfd7 9. Nd3 Nc6 10. Be3 Nd4 11. Nd2 Rb8 12. Nb3 Qc7 13. Bg5 Re8 14. Nxd4 cxd4
15. Qa4 a6 16. Rac1 Qd8 17. Nb4 h6 18. Bd2 Nc5 19. Qa3 e6 20. e3 Bf8 21. exd4
Qxd4 22. Bf4 Ra8 23. Rfd1 Qf6 24. Bd6 a5 25. Bxf8 Rxf8 26. Nc2 Qe7 27. Nd4 Re8
28. Nb5 Ra6 29. Qe3 Kh7 30. Qe5 Nd7 31. Qc7 Nc5 32. b3 e5 33. Rd5 Rc6 34. Qxe7
Rxe7 35. Rd8 Ne6 36. Rd2 Rc5 37. Rcd1 Kg7 38. Rd5 Rxd5 39. Rxd5 Nd4 40. Nd6 Bg4
41. h3 Bf3 42. Bxf3 Nxf3+ 43. Kg2 e4 44. Rxa5 Ne1+ 45. Kf1 Nc2 46. Rb5 e3 47.
fxe3 Nxe3+ 48. Kg1 Nd1 49. Rxb7 Re1+ 50. Kg2 Re2+ 51. Kf1 Rxa2 52. Rxf7+ Kg8
53. Rf3 1-0

[Event "GBR-ch 99th"]
[Site "North Shields"]
[Date "2012.07.30"]
[Round "7"]
[White "Wadsworth, Matthew J"]
[Black "Mason, Donald"]
[Result "1/2-1/2"]
[WhiteElo "2037"]
[BlackElo "2244"]
[PlyCount "73"]
[EventDate "2012.07.23"]
[EventType "swiss"]
[EventRounds "11"]
[EventCountry "ENG"]
[Source "John Saunders"]
[SourceDate "2015.07.24"]

1. c4 c5 2. g3 g6 3. Bg2 Bg7 4. Nc3 Nc6 5. a3 d6 6. Rb1 e6 7. b4 Nge7 8. Nf3
O-O 9. O-O Rb8 10. e3 e5 11. Nd5 Nxd5 12. cxd5 Ne7 13. Qb3 b5 14. d3 cxb4 15.
axb4 Bb7 16. e4 Nc8 17. Bg5 Bf6 18. Bxf6 Qxf6 19. Rbc1 Ne7 20. Rc7 g5 21. Rfc1
Ng6 22. d4 exd4 23. Qd3 Ne5 24. Nxe5 dxe5 25. Qxb5 Ba6 26. Qc5 Be2 27. Qc2 Qa6
28. Qd2 h6 29. Bf1 Bxf1 30. Rxf1 Rfc8 31. Rfc1 Rxc7 32. Rxc7 Qa1+ 33. Kg2 Qb1
34. Qe2 Qxb4 35. Rxa7 Kg7 36. Qf3 Rb7 37. Rxb7 1/2-1/2

[Event "GBR-ch 99th"]
[Site "North Shields"]
[Date "2012.07.30"]
[Round "7"]
[White "Wall, Tim"]
[Black "Varnam, Liam"]
[Result "1/2-1/2"]
[WhiteElo "2347"]
[BlackElo "2070"]
[PlyCount "109"]
[EventDate "2012.07.23"]
[EventType "swiss"]
[EventRounds "11"]
[EventCountry "ENG"]
[Source "John Saunders"]
[SourceDate "2015.07.24"]

1. e4 c5 2. d3 Nc6 3. f4 e6 4. Nf3 d5 5. Be2 Bd6 6. O-O Nge7 7. c3 d4 8. Na3
O-O 9. c4 a6 10. Bd2 Rb8 11. Kh1 b5 12. Qe1 Ng6 13. Ng1 f5 14. e5 Be7 15. Bf3
Nb4 16. Be2 bxc4 17. dxc4 d3 18. Bd1 Bb7 19. Bf3 Qb6 20. Bc3 Nh4 21. Bxb7 Rxb7
22. Nf3 Nxf3 23. Rxf3 Rd8 24. Qd2 Rbd7 25. Rd1 Qc6 26. b3 h6 27. Re1 Bh4 28.
Ref1 Be7 29. h3 Qe4 30. Re1 Qb7 31. Nb1 Nc2 32. Rd1 Nb4 33. Qf2 a5 34. Qg3 Nxa2
35. Rfxd3 Rxd3 36. Rxd3 Rxd3 37. Qxd3 Qxb3 38. Kh2 Nc1 39. Qd7 Kf7 40. Bxa5
Qxc4 41. Bd2 Ne2 42. Na3 Qd5 43. Qxd5 exd5 44. g4 fxg4 45. hxg4 c4 46. Nb5 d4
47. Kg2 c3 48. Kf2 d3 49. Bxc3 Nxf4 50. Ke3 g5 51. Ke4 Kg6 52. Bd2 h5 53. gxh5+
Kxh5 54. Bxf4 gxf4 55. Kxf4 1/2-1/2

[Event "GBR-ch 99th"]
[Site "North Shields"]
[Date "2012.07.30"]
[Round "7"]
[White "Weller, Jean Luc"]
[Black "Surtees, Michael"]
[Result "1-0"]
[WhiteElo "2115"]
[BlackElo "2113"]
[PlyCount "129"]
[EventDate "2012.07.23"]
[EventType "swiss"]
[EventRounds "11"]
[EventCountry "ENG"]
[Source "John Saunders"]
[SourceDate "2015.07.24"]

1. d4 e6 2. e4 d5 3. Nd2 Nf6 4. e5 Nfd7 5. c3 c5 6. f4 Nc6 7. Ndf3 cxd4 8. cxd4
Qb6 9. Ne2 f6 10. a3 g5 11. exf6 Nxf6 12. Nxg5 Bg7 13. Qd3 e5 14. fxe5 Ne4 15.
Nxe4 dxe4 16. Qc3 Ne7 17. Nf4 O-O 18. Bc4+ Kh8 19. Be3 Nf5 20. O-O Bd7 21. Nd5
Qg6 22. Qd2 Rad8 23. Nf4 Qb6 24. Rae1 Bc8 25. Qc3 Nxe3 26. Rxe3 Qxd4 27. Qxd4
Rxd4 28. Bb3 Bh6 29. g3 Bg4 30. Rc3 Rd2 31. Rc2 e3 32. Rxd2 exd2 33. Bd1 Bxd1
34. Rxd1 Rd8 35. Kf2 Bg7 36. Ne6 Rd5 37. Nxg7 Kxg7 38. e6 Kf6 39. Ke2 Kxe6 40.
Rxd2 Rb5 41. Kf3 Kf5 42. b4 h5 43. Rc2 b6 44. Rc4 a5 45. h3 axb4 46. axb4 Kg6
47. Ke4 Kg5 48. Rd4 Kg6 49. Kd3 Kf7 50. Kc4 Rg5 51. Rd5 Rxg3 52. Rxh5 Ke7 53.
Kb5 Rb3 54. Rd5 Ke6 55. Rd1 Rxh3 56. Kxb6 Rb3 57. b5 Rb2 58. Ka6 Ra2+ 59. Kb7
Ke7 60. b6 Rb2 61. Ka7 Ra2+ 62. Kb8 Rb2 63. b7 Rb3 64. Ra1 Kd7 65. Ka8 1-0

[Event "GBR-ch 99th"]
[Site "North Shields"]
[Date "2012.07.31"]
[Round "8"]
[White "Adair, James"]
[Black "Burnett, Jim"]
[Result "1/2-1/2"]
[WhiteElo "2262"]
[BlackElo "2174"]
[PlyCount "104"]
[EventDate "2012.07.23"]
[EventType "swiss"]
[EventRounds "11"]
[EventCountry "ENG"]
[Source "John Saunders"]
[SourceDate "2015.07.24"]

1. e4 e6 2. d4 d5 3. Nd2 c5 4. Ngf3 cxd4 5. exd5 Qxd5 6. Bc4 Qd6 7. O-O Nf6 8.
Nb3 Nc6 9. Nbxd4 Nxd4 10. Nxd4 a6 11. Re1 Qc7 12. Qe2 Bd6 13. Bg5 O-O 14. Bd3
Nd5 15. Qh5 g6 16. Qh4 b5 17. Rad1 Bd7 18. Be4 Rac8 19. Rd3 h5 20. g4 Nf4 21.
Bxf4 Bxf4 22. gxh5 g5 23. Qh3 f5 24. Bg2 Rce8 25. Red1 Re7 26. Ne2 Be5 27. Qe3
Bxh2+ 28. Kh1 Bf4 29. Rxd7 Bxe3 30. Rxc7 Rxc7 31. fxe3 Rxc2 32. Nd4 Rd8 33. Rb1
Rd2 34. Nxe6 Rd1+ 35. Rxd1 Rxd1+ 36. Kh2 g4 37. Kg3 Kf7 38. Nc7 Rd2 39. b4 Kf6
40. Nxa6 Rxa2 41. Nc7 Kg5 42. Nxb5 Rb2 43. h6 Kxh6 44. Nd4 Rxb4 45. Kf4 Kg6 46.
Bf1 Rb2 47. Bd3 Rf2+ 48. Kg3 Ra2 49. Bxf5+ Kf6 50. Kxg4 Rf2 51. Bd3 Rd2 52. Be2
Ke5 1/2-1/2

[Event "GBR-ch 99th"]
[Site "North Shields"]
[Date "2012.07.31"]
[Round "8"]
[White "Burke, Mitchell R"]
[Black "McDonald, Ian"]
[Result "1/2-1/2"]
[WhiteElo "1917"]
[BlackElo "1876"]
[PlyCount "25"]
[EventDate "2012.07.23"]
[EventType "swiss"]
[EventRounds "11"]
[EventCountry "ENG"]
[Source "John Saunders"]
[SourceDate "2015.07.24"]

1. e4 e5 2. Nf3 Nc6 3. Bb5 a6 4. Bxc6 dxc6 5. O-O Bd6 6. d4 Bg4 7. dxe5 Bxf3 8.
Qxf3 Bxe5 9. Qb3 b5 10. a4 Nf6 11. axb5 axb5 12. Rxa8 Qxa8 13. f3 1/2-1/2

[Event "GBR-ch 99th"]
[Site "North Shields"]
[Date "2012.07.31"]
[Round "8"]
[White "Conquest, Stuart"]
[Black "Houska, Jovanka"]
[Result "1/2-1/2"]
[WhiteElo "2501"]
[BlackElo "2406"]
[PlyCount "81"]
[EventDate "2012.07.23"]
[EventType "swiss"]
[EventRounds "11"]
[EventCountry "ENG"]
[Source "John Saunders"]
[SourceDate "2015.07.24"]

1. g3 d5 2. Bg2 Nf6 3. d3 c6 4. Nd2 e5 5. Ngf3 Bd6 6. O-O O-O 7. c3 Bg4 8. h3
Bh5 9. Qc2 Nbd7 10. e4 a5 11. Re1 Qc7 12. Nh4 Rfd8 13. Nf1 dxe4 14. dxe4 Nc5
15. Bg5 Be7 16. Nf5 Bg6 17. N1e3 h6 18. Bh4 Kh8 19. Nxe7 Qxe7 20. Ng4 Ncd7 21.
Kh1 Qe6 22. f4 exf4 23. gxf4 Bh5 24. f5 Qc4 25. b3 Qc5 26. Nxf6 gxf6 27. e5
fxe5 28. Qd2 Kh7 29. Bxd8 Rxd8 30. f6 Bg6 31. Rad1 e4 32. Qd6 Qh5 33. Qe7 Bf5
34. Qxd8 Bxh3 35. Kg1 Bxg2 36. Qxd7 Bf3 37. Qd6 e3 38. Qd3+ Kh8 39. Qd8+ Kh7
40. Qd3+ Kh8 41. Qd8+ 1/2-1/2

[Event "GBR-ch 99th"]
[Site "North Shields"]
[Date "2012.07.31"]
[Round "8"]
[White "Eggleston, David"]
[Black "Batchelor, Peter"]
[Result "1-0"]
[WhiteElo "2323"]
[BlackElo "2103"]
[PlyCount "123"]
[EventDate "2012.07.23"]
[EventType "swiss"]
[EventRounds "11"]
[EventCountry "ENG"]
[Source "John Saunders"]
[SourceDate "2015.07.24"]

1. d4 d5 2. c4 e6 3. Nc3 Be7 4. Nf3 Nf6 5. Bg5 O-O 6. e3 h6 7. Bh4 b6 8. cxd5
Nxd5 9. Bxe7 Qxe7 10. Nxd5 exd5 11. Rc1 Be6 12. Qa4 c5 13. Qa3 Nd7 14. Bb5 Rfc8
15. O-O a6 16. Bxd7 Bxd7 17. Rc3 Kf8 18. dxc5 Rxc5 19. Rfc1 Rxc3 20. Qxc3 Qd6
21. Ne5 Be6 22. Qd4 Rc8 23. Rxc8+ Bxc8 24. b4 Be6 25. h3 f6 26. Ng6+ Kf7 27.
Nf4 g5 28. Nh5 Bf5 29. Ng3 Bb1 30. a4 Qe6 31. Ne2 Be4 32. f3 Bc2 33. Nc3 Bb3
34. a5 bxa5 35. bxa5 Bc4 36. Kf2 h5 37. e4 dxe4 38. Nxe4 Bb5 39. h4 gxh4 40.
Qc5 Qa2+ 41. Kg1 Kg6 42. Qd6 Qa1+ 43. Kh2 Qb2 44. Qb8 Qb3 45. Qf4 Qe6 46. Qxh4
Bf1 47. Qg3+ Kf7 48. Qh4 Qe5+ 49. Ng3 Bxg2 50. Qc4+ Kg7 51. Kxg2 Qxa5 52. Qe6
Qg5 53. Kh3 a5 54. Nf5+ Kh8 55. Qc8+ Kh7 56. Qc7+ Kg6 57. Nh4+ Kh6 58. Qd7 Qg8
59. Nf5+ Kg5 60. Ne7 Qa2 61. Qf5+ Kh6 62. Qg6# 1-0